000 02102cam a22004814i 4500
003 PE-LiUPU
005 20250731173554.0
008 150616s r 000 0 d
020 _a8470204122
035 _a(Sirsi) i9788470204128
040 _aPE-LiUPU
_bspa
_cPE-LiUPU
_erda
049 _aPRUA
082 0 4 _a234.165
_bS21
_221
100 1 _aSánchez Monge, Manuel,
_eautor.
245 1 0 _aSerán una sola Carne.. /
_cManuel Sánchez Monge.
264 1 _aMadrid :
_bSociedad de Educación Atenas,
_c1996.
300 _a377 páginas ;
_c21 centímetros
336 _atext
_2rdacontent
337 _aunmediated
_2rdamedia
338 _avolume
_2rdacarrier
490 0 _aColección Síntesis ;
_v9
504 _aBibliografía al final de cada capítulo.
505 0 _aAntropología del amor conyugal(I).- Antropología del amor conyugal(II).- Teología del amor conyugal.- El matrimonio en el Vaticano II y en el nuevo catecismo de la iglesia católica.- El matrimonio cristiano, sacramento de la nueva alianza.- La indisolubilidad del matrimonio.- La paternidad responsable: procreación y educación de los hijos.- El matrimonio en la teología ortodoxa y protestante actual.- El matrimonio en el nuevo código de derecho canónico.- El matrimonio y la virginidad, dos caminos complementarios para realizar la vocación del amor.- Etc...
526 _aSEG42
526 _aSEG41
526 _aSEG40
526 _aSEG39
526 _aP94
526 _aP87
526 _aP86
526 _aP85
526 _aP77
526 _aP76
526 _aP35
650 0 4 _aMatrimonio
_xCristianismo.
910 _ajck
_bjvq
_cjck
942 _2ddc
_cBOOK
949 _a234.165 S21
_wDEWEY
_c1
_i43460
_lCCODEBUL1
_mBUL
_r0
_sY
_tBOOK
_u2015-6-16
_xTEOLOGIA
_zUNKNOWN
_0COMPRA
_o.STAFF. Colección General
994 _aC0
_bPEPRU
596 _a1
999 _a234.165 S21
_wDEWEY
_c61430
_i43460
_f2021-11-10
_g5
_lCCODEBUL1
_mBUL
_r0
_sY
_tBOOK
_u2015-6-16
_xTEOLOGIA
_zUNKNOWN
_0COMPRA
_o.STAFF. Colección General
_d61430
980 _81
_gALBERTO SANCHEZ Responsable de Automatización